01245nam0a22002771 4500001001100000005001700011021001900028035002600047100004100073101000800114102000700122105001800129200009400147210009800241215002700339300005600366320004600422606008500468606009700553606010100650606008800751700006600839801001800905801002200923852002200945rc\403535920250611064050.0 aRUb[47-23448] a(NLR Aleph) 008095209 a20130415d1947 |||y0rusy50 ca0 arus aRU aa z |||||1 aСамотечный транспорт на мельницах и элеваторах aМоскваcИзд-во и тип. Заготиздатаd1947gТип. "Кр. знамя" a176 с.cчерт.d26 aПеред загл. авт.: Г.М. Левятин aБиблиогр.: с. 173 (47 назв.) aЗерноxПогрузка и разгрузкаxМеханизация2psbo aСыпучие телаxДвижение по наклонной плоскости2psbo aЭлеваторы-зернохранилищаxСамотечный транспорт2psbo aМельницы (мукомол.)xСамотечный транспорт2psbo 1aЛевятинbГ.М.gГригорий Моисеевич 0aRUbNLRgpsbo 1aRUbELAR2rusmarc aNLRjТ66 Г-7/24